000 00695nam a2200229Ia 4500
005 20230829155140.0
008 210716s2009 xx 000 0 und d
020 _a9788184885705
040 _cAIMIT LIBRARY
041 _aeng
082 _a368.01
_21
_bPERP
100 _aPeriasamy, P
_9131382
245 _aPrinciples and practice of insurance /
_cBy P Periasamy.
250 _a1st ed.
260 _aMumbai :
_bHimalaya Publishing House ,
_c2009.
300 _a1,312p. ;
_bPB
_c23.3 cm
650 _aInsurance(368)
_9131383
651 _aMethods of handling risks
_9131384
651 _aReinsurance
_9131385
651 _aInsurance documents
_9131386
942 _2ddc
_cBK
_e1st
_k368.01 PERP
999 _c205215
_d205215